000 00284nam a2200121Ia 4500
005 20251222141920.0
008 251222s9999||||xx |||||||||||||| ||spa||
082 _a657.42/A42
100 _aAliaga Valdez, Carlos
245 0 _aCostos para la Gestión:
264 _bCITEC
942 _cLIB
999 _c8697
_d8697